000 01643nam a2200229Ii 4500
008 221202s xx 000 0 und d
100 1 _aKujundžić, Dragan,
_eauthor
245 4 _aThe First Sail :
_b J. Hillis Miller
264 _bOpen Humanities Press
_c2015
300 _a1 online resource (224 pages)
336 _atext
_btxt
_2rdacontent
337 _acomputer
_bc
_2rdamedia
338 _aonline resource
_bcr
_2rdacarrier
520 _aThe film-book The First Sail: J. Hillis Miller is based on the documentary film of the same name made in 2010. The political, academic and environmental contexts surrounding this film since its release prove with more and more urgency the need to read and listen to J. Hillis Miller, and would require revisiting everything that has been said and seen. Together with the film transcript and an interview with Miller conducted by Taryn Devereux, the essays in this volume have been gathered from several international events devoted to Miller's works. With essays by Henry Sussman, Sarah Dillon, Charlie Gere, Nicholas Royle, Éamonn Dunne and Michael O’Rourke, Dragan Kujundžić, Julian Wolfreys and J. Hillis Miller, The First Sail in itself thus forms a vast network of references, operating as an installation and network of emerging projects.
653 _aDocumentary Film
653 _aFilm Transcript
653 _aInterview
653 _aJ. Hillis Miller
653 _aThe First Sail
856 _uhttps://library.oapen.org/bitstream/20.500.12657/33046/1/577050.pdfhttp://openhumanitiespress.org/the-first-sail.htmlhttp://library.oapen.org/handle/20.500.12657/33046
942 _cE-BOOK
999 _c66322
_d66322